000 00378nam a22001217a 4500
082 _a333.7932
_bBAK
_cD
245 _aA facilitator's handbook structuring change in the electricity sector
_cMaria, Jose
260 _aWashington
_bThe world bank
300 _averiable pages :
_bill, ;
_c24 cm.
526 _a0
_b0
_c0
_d333_793200000000000_BAK
650 _aD
_96527
942 _2ddc
_cBK
999 _c541949
_d541949